| 000 | 00720nam a2200241 a 4500 | ||
|---|---|---|---|
| 001 | BRCA_4422 | ||
| 005 | 20190320204651.0 | ||
| 008 | 190810t1954----mx-a######---#000-0#spa-# | ||
| 041 | _aspa | ||
| 044 | _amx | ||
| 050 | 4 |
_aHG5161 _b.C66 6 _c1954 |
|
| 245 | 1 | 0 |
_aComisión Nacional de Valores _bmemoria anual 1954. |
| 260 |
_aMéxico _bCNV _c1954 |
||
| 300 |
_a201 p. _bil., tablas, gráficas _c20 cm. |
||
| 500 | _aIncluye nota preliminar | ||
| 500 | _aVer también AM50, CFG34, CFG36, S103 y S105 | ||
| 500 | _aS124 | ||
| 650 | 1 | 4 |
_aMercado de valores _vMemorias _zMéxico _911230 |
| 650 | 1 | 4 |
_aFinanzas _vBalances _zMéxico _911231 |
| 710 | 2 |
_aComisión Nacional de Valores _910924 |
|
| 902 | _aGFM | ||
| 942 |
_2lcc _cB |
||
| 999 |
_c4131 _d4131 |
||